[Event "Jiaxing op"]
[Site "Jiaxing"]
[Date "2016.05.02"]
[Round "6"]
[White "Lu, Xiaosha"]
[Black "Chu, Jiamin"]
[Result "1-0"]
[WhiteElo "2273"]
[BlackElo "2093"]
[PlyCount "109"]
[EventDate "2016.04.29"]
[EventType "swiss"]
[EventRounds "7"]
[EventCountry "CHN"]
[SourceTitle "EXT 2024"]
[Source "ChessBase"]
[SourceDate "2023.10.10"]
[SourceVersion "1"]
[SourceVersionDate "2023.10.10"]
[SourceQuality "1"]

1. Nf3 Nf6 2. d4 e6 3. e3 b6 4. Bd3 Bb7 5. 0-0 Be7 6. b3 0-0 7. Bb2 Be4 8. c4 d6 9. Nc3 Bxd3 10. Qxd3 Nbd7 11. e4 e5 12. Rad1 c6 13. Ne2 Qc7 14. Ng3 Rfe8 15. Rd2 Bf8 16. Ba3 c5 17. d5 a6 18. Bc1 Rab8 19. Rc2 b5 20. Nf5 bxc4 21. Rxc4 Rb4 22. Re1 Rxc4 23. Qxc4 Qa5 24. Qc2 Rb8 25. Bd2 Qb5 26. Qc3 Nb6 27. Bg5 Nbd7 28. Nd2 g6 29. Qg3 Qb4 30. Kf1 Nh5 31. Qg4 Ndf6 32. Bxf6 Qxd2 33. Ne7+ Bxe7 34. Bxe7 Qxa2 35. Bxd6 Re8 36. Qd7 Nf6 37. Qa4 Qb2 38. Bxc5 Rc8 39. Ba3 Qc2 40. Qxa6 Kg7 41. Rc1 Qxb3 42. Qxc8 Qxa3 43. Qc4 Nxe4 44. Kg1 Nd6 45. Qc3 Qxc3 46. Rxc3 Kf6 47. Rc6 Ke7 48. f3 Kd7 49. Kf2 Nf5 50. Ra6 h5 51. Ra7+ Kd6 52. Rxf7 Kxd5 53. Rf6 Ne7 54. Kg3 g5 55. h4 1-0